| 000 | 00849nam a22002292 4500 | ||
|---|---|---|---|
| 001 | 0000020004 | ||
| 005 | 20151217155904.0 | ||
| 008 | 110524s xx 000 0 eng d | ||
| 020 | _a9966958312 : | ||
| 040 |
_aKABU _cKABU |
||
| 245 | 1 | 2 |
_aA popular version of the Kriegler (IREC) and Waki (CIPEV) : _bFindings and recommendations. |
| 250 | _a1st ed. | ||
| 260 |
_aNairobi, Kenya : _bKenyan section of the international commission of jurists, _c2010. |
||
| 300 | _aix, 57 p. | ||
| 650 | 0 |
_aElections _xcorrupt practices _zKenya. _@0000180035 |
|
| 650 | 0 |
_apolitical violence _zKenya. _@0000180036 |
|
| 650 | 0 |
_aPolitics and government _y2002 _zKenya. _@0000180037 |
|
| 710 | 2 |
_aInternational commission of jurists. _bKenya section. _@0000180032 |
|
| 908 | _a110524 | ||
| 950 | _@1 | ||
| 999 |
_c13749 _d13749 |
||